000 00459nam a2200157 4500
001 148400
003 ES-MaACL
005 20230906202617.0
007 t|
008 070214s1967 sp r ||||1| spa d
100 1 _aSteichen, Edward.
_9108014
245 1 4 _aUna vida dedicada a la fotografía /
_cEdward Steichen.
260 _aBarcelona :
_bPlaza & Janés,
_c1967.
300 _a284 p., 108 lám. :
_bil. ;
_c29 cm.
852 _aES-MaACL
_jC-33390
_bR.63848
999 _c148400
_d148400